000 00560nam a2200181Ia 4500
005 20250508160057.0
008 008 250505s9999 xx 000 0 eng d
037 _aTextual
040 _aFEDL
_beng
_cFEDL
041 _aeng
_2eng
084 _a374, GRA
_qFEDL
100 _aGray William S
245 0 _aTeaching of reading and writing : An international survey
260 _aParis, France
_bUnited Nations Educational, Scientific and Cultural Organization
_c1956
300 _a286p.
942 _cTEXL
_h374, GRA
999 _c1361529
_d1361529